Statistics for Highest Grossing Movies of All Time

Click here to take the quiz!

General Stats

  • This quiz has been taken 47 times
  • The average score is 25 of 50

Answer Stats

YearTitleLifetime Gross% Correct
2009Avatar$2,923,706,026
94%
2022Avatar: The Way of Water$2,320,250,281
94%
2019Avengers: Endgame$2,799,439,100
92%
2015Avengers; Age of Ultron$1,405,018,048
89%
2018Avengers: Infinity War$2,052,415,039
89%
2012The Avengers$1,520,538,536
89%
1997Titanic$2,264,743,305
83%
2013Iron Man 3$1,215,577,205
78%
2015Star Wars: Episode VII - The Force Awakens$2,071,310,218
75%
2021Spider-Man: No Way Home$1,921,847,111
72%
1999Star Wars: Episode 1 - The Phantom Menace$1,027,082,707
72%
2019Star Wars: Episode IX - The Rise of Skywalker$1,077,022,372
72%
2017Star Wars: Episode VIII - The Last Jedi$1,334,407,706
72%
2019Spider-Man: Far From Home$1,131,927,996
69%
2016Captain America: Civil War$1,155,046,416
61%
2023Barbie$1,434,092,517
58%
2018Black Panther$1,349,926,083
56%
2010Toy Story 3$1,067,316,101
56%
2019Toy Story 4$1,073,841,394
56%
2011Harry Potter and the Deathly Hallows: Part 2$1,342,359,942
53%
2001Harry Potter and the Sorcerer's Stone$1,024,235,449
53%
2003The Lord of the Rings: The Return of the King$1,147,954,980
53%
1993Jurassic Park$1,113,138,548
50%
2019The Lion King$1,663,075,401
50%
2013Frozen$1,284,540,518
47%
2019Frozen II$1,453,683,476
47%
2015Furious 7$1,515,341,399
44%
2022Top Gun: Maverick$1,495,696,292
44%
2019Captain Marvel$1,131,416,446
39%
2018Incredibles 2$1,243,225,667
39%
2019Joker$1,078,958,282
39%
2015Minions$1,159,444,662
39%
2014Transformers: Age of Extinction$1,104,054,072
39%
2011Transformers: Dark of the Moon$1,123,794,079
39%
2017Beauty and the Beast$1,266,115,964
36%
2017Despicable Me 3$1,034,800,131
36%
2015Jurassic World$1,671,537,444
36%
2018Jurrassic World: Fallen Kingdom$1,310,466,296
36%
2006Pirates of the Caribbean: Dead Man's Chest$1,066,179,747
33%
2011Pirates of the Caribbean: On Stranger Tides$1,046,721,266
33%
2016Finding Dory$1,029,266,989
31%
2012The Dark Knight Rises$1,081,169,825
31%
2019Aladdin$1,054,304,000
28%
2018Aquaman$1,152,028,393
28%
2023The Super Mario Bros. Movie$1,360,253,259
25%
2016Rogue One: A Star Wars Story$1,058,682,142
19%
2012Skyfall$1,142,471,295
19%
2016Zootopia$1,025,521,689
17%
2010Alice in Wonderland$1,025,468,216
14%
2017The Fate of the Furious$1,236,005,118
8%

Score Distribution

Percentile by Number Answered

Percent of People with Each Score

Your Score History

You have not taken this quiz